|
|
|
|
| LEADER |
00000cam a2200000 7i4500 |
| 001 |
0000001296 |
| 005 |
20140405.0 |
| 090 |
0 |
0 |
|a R THE634.9
|b BAH 1977
|
| 100 |
0 |
0 |
|a BAHARUDDIN Haji Ghazali
|f Dato'
|
| 245 |
1 |
0 |
|a Management research report on "the role of the Forestry Department in implementing Peninsular Malaysia's forest-sector development strategy"
|c Baharuddin Haji Ghazali
|
| 260 |
0 |
0 |
|a Manila :
|b Asian Institute of Management ,
|c 1977
|
| 300 |
|
|
|a vi, 165 p. :
|b maps ;
|c 28 cm.
|
| 500 |
0 |
0 |
|a Master in Management - Asian Institute of Management, 1977
|
| 650 |
0 |
0 |
|a Forests and forestry
|z Peninsular Malaysia
|
| 998 |
|
|
|a JPSM
|
| 999 |
|
|
|a 0000002257
|b Monograph
|c Thesis
|e Default branch
|
| 999 |
|
|
|a 0000002259
|b Monograph
|c Thesis
|e Default branch
|
| 999 |
|
|
|a 0000002816
|b Monograph
|c Thesis
|e Default branch
|